000 00366 a2200133 4500
001 91620
082 _aPR 1587
090 _c43774
_d43773
100 _aZahid Ali; Prof Abdul Rehman and Shahzad, Advisors
245 _aDevelopment of ATC Environment and its Display
_n53 "B" EC
260 _aRawalpindi
_bNUST
_c2001
300 _a79p
500 _aBE project Reports
942 _aCAE NUST
_kPR 1587
999 _c326693
_d326693